Star Wars in Family Guy Quiz Stats

 Plays Quiz Updated Aug 19, 2016

Score 0/18 Timer 06:00
7 Plays Today
Star Wars Character Family Guy Character % Correct
Han SoloPeter Griffin
97.9%
Luke SkywalkerChris Griffin
96.4%
Princess LeiaLois Griffin
96.4%
Darth VaderStewie Griffin
93.2%
ChewbaccaBrian Griffin
89.8%
C-3POGlenn Quagmire
89.3%
R2-D2Cleveland Brown
86.2%
Obi-Wan KenobiHerbert
63.2%
The DianogaMeg Griffin
47.7%
Star Wars Character Family Guy Character % Correct
Lando CalrissianMort Goldman
44%
Emperor PalpatineCarter Pewterschmidt
43.5%
Jabba the HuttJoe Swanson
39%
Grand Moff TarkinMayor Adam West
34.3%
Boba FettErnie the Giant Chicken
34.2%
YodaCarl
30.2%
Aunt BeruBarbara Pewterschmidt
26.7%
GreedoBruce, Performance Artist
23.7%
Tusken RaiderOpie
19.9%

You're not logged in!

Compare scores with friends on all Sporcle quizzes.
OR
Log In

Sporcle TV

Today on Sporcle TV


Watch our educational content, quiz creation guides, and fun videos on Sporcle TV.

Show Comments

Extras

Top Quizzes Today


Score Distribution

Your Account Isn't Verified!

In order to create a playlist on Sporcle, you need to verify the email address you used during registration. Go to your Sporcle Settings to finish the process.

Report this User

Report this user for behavior that violates our Community Guidelines.

Details: